000 00715cam a22002291 4500
001 sa 67002646
003 DLC
005 20260227112332.0
008 750311s1966 xx 000 0 eng
010 _asa 67002646
035 _a(OCoLC)1210383
040 _aDLC
_cPPT
_dDLC
042 _apremarc
050 0 0 _aDS459
_b.Z3
082 _a954/.023/0924
100 1 _aZakaria, Rafiq,
_d1920-
245 1 0 _aRazia, queen of India.
_cForeword by P. B. Gajendragadkar. Pref. by K. A. Nilakanta Sastri. Illus. by Shiavax Chavda.
260 _a[Bombay]
_bPopular Prakashan
_c[1966]
300 _axxviii, 159 p.
_billus.
_c23 cm.
504 _aBibliography: p. 155-156.
600 0 0 _aRaziya,
_cSultana of Delhi,
_d-1240.
999 _c73351
_d73351